000 01324cam a2200385 a 4500
001 840
003 DO-SdBPM
005 20250728141726.0
007 ta
008 060516s2023 pr a b 001 0 spa
010 _a
020 _a9781944352387
035 _a
040 _a DO-SdBPM
_cspa
_6BPMSU
_erda
043 _a
082 4 _a378.7295
_bR696J 2023
_222
100 1 _aRodríguez Beruff, Jorge
_d
245 1 0 _aJaime Benítez y la internacionalización de la Universidad de Puerto Rico :
_b las redes intelectuales de la Reforma Universitaria /
_c Jorge Rodríguez Beruff,
250 _a
260 _b
264 _aPonce, Puerto Rico :
_bLuscinia, C.E.,
_c2023
300 _a 694 páginas :
_billustrations ;
_c24 cm.
336 _atexto
_btxt
_2rdacontent
337 _asin mediación
_bn
_2rdamedia
338 _avolumen
_bnc
_2rdacarrier
500 _aIncluye datos biográficos del autor en la solapa de la cubierta
500 _aIncluye referencias bibliográficas y notas al pie de las páginas
504 _a I
590 _aInventariado, 2025/VM
590 _6Inventariado, 2025/VM
600 1 4 _aBenítez, Jaime,
_d1908-2001
_xAportes a la educación superior
650 7 _a Educación superior
_zPuerto Rico
910 _aVMateo V. Control de calidad (BPMSU)
942 _2ddc
_cBK
999 _c15279
_d15279